<?xml version="1.0" encoding="UTF-8"?>
<collection xmlns="http://www.loc.gov/MARC21/slim">
 <record>
  <leader>01126nam a22002177a 4500</leader>
  <controlfield tag="001">NCT_95918</controlfield>
  <controlfield tag="008">190913b        xxu||||| |||| 00| 0 vie d</controlfield>
  <datafield tag="999" ind1=" " ind2=" ">
   <subfield code="c">4767</subfield>
   <subfield code="d">4767</subfield>
  </datafield>
  <datafield tag="020" ind1=" " ind2=" ">
   <subfield code="a">9786043214079</subfield>
   <subfield code="c">177000</subfield>
  </datafield>
  <datafield tag="082" ind1="0" ind2="4">
   <subfield code="2">23rd ed.</subfield>
   <subfield code="a">951</subfield>
   <subfield code="b">D951</subfield>
  </datafield>
  <datafield tag="100" ind1="1" ind2=" ">
   <subfield code="a">Durant, Will</subfield>
  </datafield>
  <datafield tag="245" ind1="1" ind2="0">
   <subfield code="a">Lịch sử văn minh Trung Hoa</subfield>
   <subfield code="c">Will Durant ; Nguyễn Hiến Lê (Dịch)</subfield>
  </datafield>
  <datafield tag="260" ind1=" " ind2=" ">
   <subfield code="a">H.</subfield>
   <subfield code="b">Hồng Đức</subfield>
   <subfield code="c">2021</subfield>
  </datafield>
  <datafield tag="300" ind1=" " ind2=" ">
   <subfield code="a">403 tr.</subfield>
   <subfield code="c">21cm</subfield>
   <subfield code="b">Minh họa</subfield>
  </datafield>
  <datafield tag="490" ind1="0" ind2=" ">
   <subfield code="a">The lessons of history</subfield>
  </datafield>
  <datafield tag="520" ind1="3" ind2=" ">
   <subfield code="a">Nghiên cứu lịch sử Trung Hoa từ những năm 2852 trước công nguyên đến năm 1937. Phân tích lịch sử qua thời đại các triết gia, các thi sĩ và các nghệ sỹ cũng như xã hội Trung Hoa từ đời Nguyên đến đời Thanh...</subfield>
  </datafield>
  <datafield tag="653" ind1=" " ind2=" ">
   <subfield code="a">Quản trị du lịch</subfield>
  </datafield>
  <datafield tag="700" ind1="1" ind2=" ">
   <subfield code="a">Nguyễn Hiến Lê</subfield>
   <subfield code="e">Dịch</subfield>
  </datafield>
  <datafield tag="942" ind1=" " ind2=" ">
   <subfield code="2">ddc</subfield>
   <subfield code="c">BK</subfield>
  </datafield>
  <datafield tag="952" ind1=" " ind2=" ">
   <subfield code="0">0</subfield>
   <subfield code="1">0</subfield>
   <subfield code="2">ddc</subfield>
   <subfield code="4">0</subfield>
   <subfield code="6">951_000000000000000_D951</subfield>
   <subfield code="7">0</subfield>
   <subfield code="9">22145</subfield>
   <subfield code="a">000001</subfield>
   <subfield code="b">000001</subfield>
   <subfield code="d">2022-01-17</subfield>
   <subfield code="o">951 D951</subfield>
   <subfield code="p">MD.19205</subfield>
   <subfield code="r">2022-01-17</subfield>
   <subfield code="v">177000.00</subfield>
   <subfield code="w">2022-01-17</subfield>
   <subfield code="y">BK</subfield>
  </datafield>
  <datafield tag="980" ind1=" " ind2=" ">
   <subfield code="a">Thư viện Trường Đại học Nam Cần Thơ</subfield>
  </datafield>
 </record>
</collection>
